<?xml version="1.0" encoding="UTF-8"?>
<record
    xmlns:xsi="http://www.w3.org/2001/XMLSchema-instance"
    xsi:schemaLocation="http://www.loc.gov/MARC21/slim http://www.loc.gov/standards/marcxml/schema/MARC21slim.xsd"
    xmlns="http://www.loc.gov/MARC21/slim">

  <leader>02181agaaa2200313   4500</leader>
  <controlfield tag="001">1505</controlfield>
  <controlfield tag="003">IT-RoPAU</controlfield>
  <controlfield tag="005">20220918181240.0</controlfield>
  <controlfield tag="007">d cvaizq</controlfield>
  <controlfield tag="008">50131s9999||||xx ||| |     ||   ||und||</controlfield>
  <datafield tag="040" ind1=" " ind2=" ">
    <subfield code="a">IT-RoPAU</subfield>
    <subfield code="c">IT-RoPAU</subfield>
  </datafield>
  <datafield tag="041" ind1=" " ind2=" ">
    <subfield code="a">ITALIANO</subfield>
  </datafield>
  <datafield tag="100" ind1=" " ind2=" ">
    <subfield code="a">Damiani Damiano</subfield>
    <subfield code="g">Codice regista SPICS: 7592</subfield>
    <subfield code="9">41060</subfield>
  </datafield>
  <datafield tag="130" ind1=" " ind2=" ">
    <subfield code="a">SORRISO DEL GRANDE TENTATORE (IL)</subfield>
    <subfield code="9">45033</subfield>
  </datafield>
  <datafield tag="245" ind1=" " ind2=" ">
    <subfield code="a">SORRISO DEL GRANDE TENTATORE (IL)</subfield>
    <subfield code="c">Prodotto da: Nohra Anis -- Sceneggiatura: Damiani Damiano Onofrio Fabrizio Nohra Audrey -- Diretto da: Damiani Damiano</subfield>
    <subfield code="p">SORRISO DEL GRANDE TENTATORE (IL) (Rif. Codice opera principale : 21505)</subfield>
  </datafield>
  <datafield tag="250" ind1=" " ind2=" ">
    <subfield code="a">Edizione Standard</subfield>
  </datafield>
  <datafield tag="260" ind1=" " ind2=" ">
    <subfield code="a">ROMA - LONDON (ITALIA-INGHILTE)</subfield>
    <subfield code="b">EURO INT. FILMS - LIFEGUARD / Distribuzione: RAI</subfield>
    <subfield code="g">"1974 (1&#xB0; ed.: 1983 ; Ed. Lingua Orig.: 1974)"</subfield>
  </datafield>
  <datafield tag="300" ind1=" " ind2=" ">
    <subfield code="a">VHS</subfield>
    <subfield code="b">sonoro, col.</subfield>
    <subfield code="c">116 minuti</subfield>
  </datafield>
  <datafield tag="508" ind1=" " ind2=" ">
    <subfield code="a">"Fotografia: Vulpiani Mario; Montaggio: Taylor Peter; Musica: Morricone Ennio; Sceneggiatura: Damiani Damiano Onofrio Fabrizio Nohra Audrey; Scenografia: Turco Umberto; "</subfield>
  </datafield>
  <datafield tag="511" ind1=" " ind2=" ">
    <subfield code="a">"Jackson Glenda; Cassinelli Claudio; Harrow Lisa; Celi Adolfo; Del; Prete Duilio"</subfield>
  </datafield>
  <datafield tag="520" ind1=" " ind2=" ">
    <subfield code="a">LA VICENDA SI SVOLGE IN UN CONVENTO RELIGIOSO ROMANO AI NOSTRI GIORNI LO SCRITTORE ROBERTO SOLINA E' STATO INVIATO DA MONS BADENSKI, POLACCO, A SCRIVERE UN LIBRO CHE SERVA A DISCOLPARE L'ECCLESIASTICO DI FRONTE AI SUOI SUPERIORI NEL CONVENTO VIVONO PERSONE LI' CONFINATE DALL'AUTORITA' DELLA CHIESA:PRETE OPERAIO CHE HA PRESO PARTE AGLI SCIOPERI CON GLI OPERAI VESCOVO CUBANO CHE HA APPOGGIATO FIDEL CASTRO MONS. BADESKI ACCUSATO DI AVER PARTEGGIATO PER I TEDESCHI NAZISTI PRINCIPE OTTAVIO RANIERI DI ARAGONA CHE HA UNA RELAZIONE INCESTUOSA CON LA SORELLA ALESSANDRA TEMA DEL POTERE DELLA CHIESA SULLE COSCIENZE E SULLE ANIME FILM A COLORI</subfield>
  </datafield>
  <datafield tag="538" ind1=" " ind2=" ">
    <subfield code="a">PAL, STEREO</subfield>
  </datafield>
  <datafield tag="546" ind1=" " ind2=" ">
    <subfield code="a">ITALIANO</subfield>
  </datafield>
  <datafield tag="650" ind1=" " ind2=" ">
    <subfield code="a">DRAMMATICO</subfield>
    <subfield code="e">FILMS [VHS]</subfield>
    <subfield code="x">Codice MATERIA SPICS: 9960</subfield>
    <subfield code="9">34083</subfield>
  </datafield>
  <datafield tag="700" ind1=" " ind2=" ">
    <subfield code="a">Damiani Damiano </subfield>
    <subfield code="e">(regista)</subfield>
    <subfield code="g">Codice regista SPICS: 7592</subfield>
    <subfield code="9">41060</subfield>
  </datafield>
  <datafield tag="700" ind1=" " ind2=" ">
    <subfield code="a">Damiani Damiano </subfield>
    <subfield code="e">(soggetto)</subfield>
    <subfield code="g">Codice Soggetto SPICS: 7592</subfield>
    <subfield code="9">45034</subfield>
  </datafield>
  <datafield tag="700" ind1=" " ind2=" ">
    <subfield code="a">Morricone Ennio</subfield>
    <subfield code="e">(musica)</subfield>
    <subfield code="g">Codice Musica SPICS: 3535</subfield>
    <subfield code="9">45035</subfield>
  </datafield>
  <datafield tag="942" ind1=" " ind2=" ">
    <subfield code="c">VH</subfield>
    <subfield code="2">ddc</subfield>
  </datafield>
  <datafield tag="999" ind1=" " ind2=" ">
    <subfield code="c">106085</subfield>
    <subfield code="d">106085</subfield>
  </datafield>
  <datafield tag="952" ind1=" " ind2=" ">
    <subfield code="0">0</subfield>
    <subfield code="1">0</subfield>
    <subfield code="4">0</subfield>
    <subfield code="6">21505_000000000000000</subfield>
    <subfield code="7">1</subfield>
    <subfield code="a">SPICS</subfield>
    <subfield code="b">SPICS</subfield>
    <subfield code="d">2015-01-31</subfield>
    <subfield code="l">0</subfield>
    <subfield code="o">21505</subfield>
    <subfield code="r">2015-01-31 00:00:00</subfield>
    <subfield code="w">2015-01-31</subfield>
    <subfield code="y">VH</subfield>
    <subfield code="z">Progr. Ins.: 1301 / N.Vol.:1 / Copie: 1 / Pag.: / Copia rara: n.d. / date import: 1.2.2015 / By Epidotti, Trombetti, Vaglietti</subfield>
  </datafield>
</record>
